| 000 | 00414nas a22001577a 4500 | ||
|---|---|---|---|
| 008 | 120618t19589999-us||||| |||| 00| 0 eng d | ||
| 022 | _a00025100 | ||
| 245 | _aAldrichimica Acta | ||
| 260 |
_aMilwaukee : _bAldrich Chemical Co, _c1958 |
||
| 300 | _av. | ||
| 500 | _aTexto en inglés | ||
| 500 | _aExistencias: 2002 35(3) | ||
| 650 |
_aBIOQUIMICA _91725 |
||
| 856 | _uhttp://www.sigmaaldrich.com | ||
| 942 |
_2ddc _cCR |
||
| 999 |
_c1049 _d1049 |
||